Dispute resolution journal

Detalles Bibliográficos
Título anterior:Arbitration journal
Autor Corporativo: American Arbitration Association
Formato: Desconocido
Lenguaje:inglés
Publicado: New York, N.Y. : American Arbitration Association
Materias:
Acceso en línea:Acceso restringido

MARC

LEADER 00000ny a22000003n 4500
003 EbpS
005 20110512134440.0
006 m d ||||||
007 cr anunnnuuuaa
008 060206s us 000 eng d
022 |a 0003-7893 
022 |a 1074-8105 
035 |a 4012 
040 |d vLex 
050 0 0 |a K1  |b .R25 
050 0 0 |a K1  |b .R25 
090 |c 1793  |d 1793 
245 0 0 |a Dispute resolution journal  |h [Recurso electrn̤ico] 
246 3 0 |a Dispute resolution journal of the American Arbitration Association 
256 |a Servicio en ln̕ea 
260 |a New York, N.Y. :  |b American Arbitration Association 
310 |a Trimestral 
500 |a Tt̕ulo de la cubierta 
506 1 |a Contenido solo disponible en los productos indicados  |d vLex Global  |d vLex Global (Academic Edition, excluding Law Schools)  |d vLex Global (U.S. Academic Edition, excluding Law Schools) 
650 0 4 |a Arbitraje (Derecho)  |x Publicaciones perid̤icas 
650 0 4 |a Gestin̤ de conflictos  |x Estados Unidos  |x Publicaciones perid̤icas 
710 2 |a American Arbitration Association 
740 0 |a vLex Revista (Servicios en ln̕ea) 
780 0 0 |t Arbitration journal  |x 0003-7893 
843 |a Electrn̤ica. Abierta 
853 |8 1  |i (year)  |j (month)  |k (day) 
856 4 0 |u http://vlex.com/source/4012  |z Acceso restringido 
942 |c REV 
999 0 |a Dispute resolution (Law)  |z United States  |v Periodicals